Normal view
MARC view
- تأليف صالح، نائل عبدالرحمن
Entry Personal Name
001 - CONTROL NUMBER
- control field: 41638
003 - CONTROL NUMBER IDENTIFIER
- control field: JO-AjAnu
005 - DATE AND TIME OF LATEST TRANSACTION
- control field: 20230606080920.0
008 - FIXED-LENGTH DATA ELEMENTS
- fixed length control field: 230606|| aca||aabn | a|a d
040 ## - CATALOGING SOURCE
- Original cataloging agency: JO-AjAnu
- Transcribing agency: JO-AjAnu
100 ## - HEADING--PERSONAL NAME
- Personal name: تأليف صالح، نائل عبدالرحمن
670 ## - SOURCE DATA FOUND
- Source citation: Work cat.: (JO-AjAnu)21335: تأليف صالح، نائل عبدالرحمن, author, محاضرات في اصول المحاكمات الجزائية: قانون اصول المحاكمات الجزائية قانون محكمة الجنايات الكبرى